| 000 | 00873nam a22002657a 4500 | ||
|---|---|---|---|
| 003 | URS | ||
| 005 | 20260326151013.0 | ||
| 008 | 260324b |||||||| |||| 00| 0 eng d | ||
| 020 | _a9789814604062 | ||
| 040 |
_aDLC _beng _cDLC _dURS _erda |
||
| 050 | 1 | 4 |
_aHA29 _b.L5783 2014 |
| 100 | 1 | _aLevin, Jack | |
| 245 |
_aElementary statistics in social research essentials / _cJack Levin and James Alan Fox.- |
||
| 250 | _aThird edition- | ||
| 264 | 1 |
_aSingapore: _bPearson Education Limited, _cc2014. |
|
| 300 |
_a355 pages: _billustrations; _c27 cm |
||
| 336 |
_2rdacontent _atext _btxt |
||
| 337 |
_2rdamedia _aunmediated _bn |
||
| 338 |
_2rdacarrier _avolume _bnc |
||
| 504 | _aIncludes index. | ||
| 650 | 0 |
_aSocial sciences _xStatistical methods |
|
| 650 | 0 | _aStatistics | |
| 700 | 1 | _aFox, James Alan | |
| 942 |
_2lcc _cFR _ethird edition _hHA29 _i.L5783 2014 |
||
| 999 |
_c99274 _d99271 |
||